000 00627nam a22001931a 4500
001 2150
003 OSt
005 20260204211801.0
008 040124s2002||||dr ||||||b||||||||||spa||
020 _a099993483362
050 _aRD 382.9 A38a
082 _aRD 382.9 A38a
100 _aAbreu Padilla, Leonardo Antonio
245 _aAcuerdos para la promoción y protección de inversiones. Suscritos por la República Dominicana / Leonardo Antonio Abreu Padilla
264 _aSanto Domingo : SEE
300 _a327 p
650 _a1.Acuerdos Comerciales 2.Protección de Inversiones - República DominicanaÌ
942 _2ddc
_cBK
999 _c2150
_d2150